कमर्शियल वास्तु / (Record no. 112067)

MARC details
000 -LEADER
fixed length control field 01322nam a22002777a 4500
005 - DATE AND TIME OF LATEST TRANSACTION
control field 20170124102933.0
010 ## - LIBRARY OF CONGRESS CONTROL NUMBER
LC control number A-834454
020 ## - INTERNATIONAL STANDARD BOOK NUMBER
Terms of availability 150.00
035 ## - SYSTEM CONTROL NUMBER
System control number A-834454
037 ## - SOURCE OF ACQUISITION
Source of stock number/acquisition Cen Lib/Ret
040 ## - CATALOGING SOURCE
Original cataloging agency DPL
Language of cataloging HN
082 ## - DEWEY DECIMAL CLASSIFICATION NUMBER
Classification number 133.323
Item number द्धिवेदी
100 ## - MAIN ENTRY--PERSONAL NAME
Personal name द्धिवेदी , भोजराज
9 (RLIN) 45858
245 ## - TITLE STATEMENT
Title कमर्शियल वास्तु /
Statement of responsibility, etc भोजराज द्धिवेदी ; संपादक रमेश द्धिवेदी
246 ## - VARYING FORM OF TITLE
Title proper/short title Commercial vaastu /
Remainder of title by Bhojraj Dwivedi ; edited by Ramesh Dwivedi
260 ## - PUBLICATION, DISTRIBUTION, ETC. (IMPRINT)
Name of publisher, distributor, etc डायमंड पॉकेट बुक्स
Place of publication, distribution, etc नई दिल्ली
Date of publication, distribution, etc 1996
270 ## - ADDRESS
Address एक्स-30, ओखला इंडस्ट्रियल एरिया , फेज - II
City नई दिल्ली
Postal code 110020
300 ## - PHYSICAL DESCRIPTION
Extent 196पृ. :
Dimensions 21सेमी (सजिल्द)
Other physical details सचित्र
500 ## - GENERAL NOTE
General note अनुक्रमाणिका शामिल
650 ## - SUBJECT ADDED ENTRY--TOPICAL TERM
Topical term or geographic name as entry element वास्तु
9 (RLIN) 45859
650 ## - SUBJECT ADDED ENTRY--TOPICAL TERM
Topical term or geographic name as entry element हिन्दी -- साहित्य
9 (RLIN) 45860
650 ## - SUBJECT ADDED ENTRY--TOPICAL TERM
Topical term or geographic name as entry element Architecture
9 (RLIN) 25172
650 ## - SUBJECT ADDED ENTRY--TOPICAL TERM
Topical term or geographic name as entry element Hindi literature
9 (RLIN) 45861
700 ## - ADDED ENTRY--PERSONAL NAME
Personal name द्धिवेदी, रमेश
9 (RLIN) 7808
942 ## - ADDED ENTRY ELEMENTS (KOHA)
Source of classification or shelving scheme Dewey Decimal Classification
Koha item type Hindi Books
Classification part 133.323
Call number suffix द्धिवेदी
Holdings
Withdrawn status Lost status Damaged status Not for loan Home library Current library Date acquired Source of acquisition Cost, normal purchase price Total Checkouts Total Renewals Full call number Barcode Date last seen Date checked out Copy number Cost, replacement price Price effective from Koha item type
        Central Library Central Library 06/08/2015 Cen Lib/Ret 150.00 1 1 133.323 द्धिवेदी A-834454 07/09/2022 10/08/2022 1 150.00 06/08/2015 Hindi Books

© Delhi Public Library
Hit Counter
free hit counter